Wolfsburg Biggest Transfers - Statistics

General Stats
  • This quiz has been taken 73 times
  • The average score is 105 of 220
Answer Stats
% Correct
Incomings Germany LW Julian Draxler 15/16 Schalke
100%
Outgoings Germany LW Julian Draxler 16/17 Paris Saint-Germain
100%
Incomings Belgium AM Kevin De Bruyne 13/14 Chelsea
100%
Outgoings Belgium AM Kevin De Bruyne 15/16 Manchester City
100%
Incomings Germany LW Andre Schurrle 14/15 Chelsea
97%
Outgoings Germany LW Andre Schurrle 16/17 Borussia Dortmund
97%
Incomings Bosnia ST Edin Dzeko 07/08 Teplice
97%
Outgoings Bosnia ST Edin Dzeko 10/11 Manchester City
97%
Incomings Netherlands ST Wout Weghorst 18/19 AZ Alkmaar
97%
Outgoings Netherlands ST Wout Weghorst 21/22 Burnley
97%
Outgoings Germany CM Felix Nmecha 23/24 Borussia Dortmund
93%
Incomings Croatia LM Ivan Perisic 12/13 Borussia Dortmund
93%
Outgoings Croatia LM Ivan Perisic 15/16 Inter Milan
93%
Incomings United States CB John Brooks 17/18 Hertha Berlin
93%
Incomings Croatia CM Lovro Majer 23/24 Rennes
93%
Incomings Germany ST Lukas Nmecha 21/22 Manchester City
93%
Incomings Netherlands CB Micky van de Ven 21/22 Volendam
93%
Outgoings Netherlands CB Micky van de Ven 23/24 Tottenham Hotspur
93%
Incomings Brazil DM Luiz Gustavo 13/14 Bayern Munich
90%
Outgoings Brazil DM Luiz Gustavo 17/18 Marseille
90%
Incomings Croatia ST Mario Mandzukic 10/11 Dinamo Zagreb
90%
Outgoings Croatia ST Mario Mandzukic 12/13 Bayern Munich
90%
Incomings Brazil AM Diego 10/11 Juventus
83%
Outgoings Brazil AM Diego 13/14 Atletico Madrid
83%
Incomings Switzerland AM Francisco Rodriguez 15/16 Zurich
83%
Incomings Switzerland CB Ricardo Rodriguez 11/12 Zurich
83%
Outgoings Switzerland CB Ricardo Rodriguez 17/18 Milan
83%
Incomings Italy CB Andrea Barzagli 08/09 Palermo
80%
Incomings Netherlands ST Bas Dost 12/13 Heerenveen
80%
Outgoings Netherlands ST Bas Dost 16/17 Sporting CP
80%
Incomings Switzerland RB Kevin Mbabu 19/20 Young Boys
80%
Outgoings Switzerland RB Kevin Mbabu 22/23 Fulham
80%
Incomings Germany SS Max Kruse 15/16 Borussia Monchengladbach
80%
Incomings Germany SS Max Kruse 21/22 Union Berlin
80%
Outgoings Germany SS Max Kruse 16/17 Werder Bremen
80%
Incomings Austria CM Xaver Schlager 19/20 RB Salzburg
80%
Outgoings Austria CM Xaver Schlager 22/23 RB Leipzig
80%
Incomings Brazil CB Dante 15/16 Bayern Munich
77%
Outgoings Brazil CB Dante 16/17 Nice
77%
Incomings Denmark RB Joakim Maehle 23/24 Atalanta
77%
Incomings Croatia LW Josip Brekalo 16/17 Dinamo Zagreb
77%
Outgoings Croatia LW Josip Brekalo 22/23 Fiorentina
77%
Outgoings Croatia LW Josip Brekalo 21/22 Torino
77%
Incomings Belgium ST Divock Origi 17/18 Liverpool
73%
Incomings Poland LW Jakub Kaminski 22/23 Lech Poznan
73%
Incomings Brazil ST Grafite 07/08 Le Mans
70%
Outgoings Brazil ST Grafite 11/12 Al-Ahli (UAE)
70%
Outgoings Croatia ST Ivica Olic 14/15 Hamburg
70%
Incomings Denmark ST Jonas Wind 21/22 Kobenhavn
70%
Incomings Denmark CB Simon Kjaer 10/11 Palermo
70%
Outgoings Denmark CB Simon Kjaer 11/12 Roma
70%
Outgoings Denmark CB Simon Kjaer 13/14 Lille
70%
Incomings Nigeria ST Victor Osimhen 16/17 Ultimate Strikers
70%
Outgoings Nigeria ST Victor Osimhen 19/20 Charleroi
70%
Incomings Brazil LW Victor Sa 19/20 LASK
70%
Outgoings Brazil LW Victor Sa 21/22 Al-Jazira
70%
Incomings Germany CM Yannick Gerhardt 16/17 Koln
70%
Incomings Turkey AM Yunus Malli 16/17 Mainz
70%
Incomings France DM Josuha Guilavogui 14/15 Atletico Madrid
67%
Incomings France DM Josuha Guilavogui 16/17 Atletico Madrid
67%
Incomings Belgium GK Koen Casteels 14/15 Hoffenheim
67%
Incomings Croatia CB Marin Pongracic 19/20 RB Salzburg
67%
Outgoings Croatia CB Marin Pongracic 23/24 Lecce
67%
Incomings Sweden CM Mattias Svanberg 22/23 Bologna
67%
Incomings Brazil CB Naldo 12/13 Werder Bremen
67%
Incomings Austria RW Patrick Wimmer 22/23 Arminia Bielefeld
67%
Incomings Germany RB Ridle Baku 20/21 Mainz
67%
Incomings Belgium CB Sebastiaan Bornauw 21/22 Koln
67%
Incomings Bosnia AM Zvjezdan Misimovic 08/09 Nuremberg
67%
Outgoings Bosnia AM Zvjezdan Misimovic 10/11 Galatasaray
67%
Incomings Switzerland SS Admir Mehmedi 17/18 Bayer Leverkusen
63%
Incomings Belgium CM Aster Vranckx 21/22 Mechelen
63%
Outgoings Belgium CM Aster Vranckx 22/23 Milan
63%
Incomings Germany ST Luca Waldschmidt 21/22 Benfica
63%
Incomings France CB Maxence Lacroix 20/21 Sochaux
63%
Incomings Portugal ST Tiago Tomas 23/24 Sporting CP
63%
Incomings Germany CM Christian Gentner 08/09 Stuttgart
60%
Incomings Poland RW Jakub Blaszczykowski 16/17 Borussia Dortmund
60%
Incomings Netherlands CB Jeffrey Bruma 16/17 PSV
60%
Outgoings Japan CB Makoto Hasebe 13/14 Nuremberg
60%
Incomings Germany ST Mario Gomez 16/17 Fiorentina
60%
Outgoings Germany ST Mario Gomez 17/18 Stuttgart
60%
Incomings Germany SS Maximilian Philipp 21/22 Dynamo Moscow
60%
Incomings Germany SS Maximilian Philipp 20/21 Dynamo Moscow
60%
Outgoings Iran RW Ashkan Dejagah 12/13 Fulham
57%
Incomings Italy RW Daniel Caligiuri 13/14 Freiburg
57%
Outgoings Italy RW Daniel Caligiuri 16/17 Schalke
57%
Incomings Switzerland GK Diego Benaglio 07/08 Nacional
57%
Incomings Poland GK Kamil Grabara 24/25 Kobenhavn
57%
Incomings United States LM Kevin Paredes 21/22 DC United
57%
Incomings South Korea CM Koo Ja-cheol 10/11 Jeju United
57%
Outgoings South Korea CM Koo Ja-cheol 13/14 Mainz
57%
Incomings Germany CB Moritz Jenz 23/24 Lorient
57%
Incomings Germany ST Patrick Helmes 10/11 Bayer Leverkusen
57%
Incomings Switzerland RW Renato Steffen 17/18 Basel
57%
Incomings Czech Republic RW Vaclav Cerny 23/24 Twente
57%
Incomings Germany ST Daniel Ginczek 18/19 Stuttgart
53%
Incomings Spain DM Ignacio Camacho 17/18 Malaga
53%
Incomings Brazil LB Paulo Otavio 19/20 Ingolstadt
53%
Incomings Brazil LB Rogerio 23/24 Sassuolo
53%
Incomings Germany DM Christian Trasch 11/12 Stuttgart
50%
Incomings Argentina ST Diego Klimowicz 01/02 Lanus
50%
Outgoings Argentina ST Diego Klimowicz 07/08 Borussia Dortmund
50%
Incomings Germany CB Felix Uduokhai 17/18 1860 Munich
50%
Outgoings Germany CB Felix Uduokhai 20/21 Augsburg
50%
Outgoings Germany CB Felix Uduokhai 19/20 Augsburg
50%
Incomings Belgium DM Junior Malanda 13/14 Zulte Waregem
50%
Incomings Netherlands RB Paul Verhaegh 17/18 Augsburg
50%
Incomings Portugal LB Vieirinha 11/12 PAOK
50%
Outgoings Portugal LB Vieirinha 17/18 PAOK
50%
Incomings Poland ST Bartosz Bialek 20/21 Zaglebie Lubin
47%
Incomings Spain ST Borja Mayoral 16/17 Real Madrid
47%
Incomings Switzerland CB Cedric Zesiger 23/24 Young Boys
47%
Incomings Brazil DM Josue 07/08 Sao Paulo
47%
Incomings Germany RB Kilian Fischer 22/23 Nuremberg
47%
Incomings Germany LB Marcel Schafer 07/08 1860 Munich
47%
Incomings Nigeria ST Obafemi Martins 09/10 Newcastle United
47%
Outgoings Nigeria ST Obafemi Martins 10/11 Rubin Kazan
47%
Incomings Brazil RB William 17/18 Internacional
47%
Incomings Sweden ST Amin Sarr 23/24 Lyon
43%
Incomings France LB Jerome Roussillon 18/19 Montpellier
43%
Incomings Belgium ST Landry Dimata 17/18 Oostende
43%
Outgoings Belgium ST Landry Dimata 19/20 Anderlecht
43%
Incomings DR Congo CB Marcel Tisserand 18/19 Ingolstadt
43%
Incomings DR Congo CB Marcel Tisserand 17/18 Ingolstadt
43%
Outgoings DR Congo CB Marcel Tisserand 20/21 Fenerbahce
43%
Outgoings Germany RB Sascha Riether 11/12 Koln
43%
Incomings Switzerland CB Timm Klose 13/14 Nuremberg
43%
Outgoings Switzerland CB Timm Klose 15/16 Norwich City
43%
Incomings Bulgaria LW Martin Petrov 01/02 Servette
40%
Outgoings Bulgaria LW Martin Petrov 05/06 Atletico Madrid
40%
Outgoings Germany AM Aaron Hunt 15/16 Hamburg
37%
Incomings Argentina AM Andres D'Alessandro 03/04 River Plate
37%
Outgoings Argentina AM Andres D'Alessandro 07/08 Real Zaragoza
37%
Outgoings Germany CM Elvis Rexhbecaj 22/23 Augsburg
37%
Incomings United States LW Fabian Johnson 09/10 1860 Munich
37%
Incomings Netherlands DM Riechedly Bazoer 16/17 Ajax
37%
Outgoings Netherlands DM Riechedly Bazoer 19/20 Vitesse
37%
Incomings Serbia DM Slobodan Medojevic 11/12 Vojvodina
37%
Outgoings Serbia DM Slobodan Medojevic 14/15 Eintracht Frankfurt
37%
Incomings Germany CB Alexander Madlung 06/07 Hertha Berlin
33%
Incomings Croatia DM Bartol Franjic 22/23 Dinamo Zagreb
33%
Incomings Austria CB Emanuel Pogatetz 12/13 Hannover
33%
Incomings Czech Republic DM Jan Polak 10/11 Anderlecht
33%
Incomings Germany RB Sebastian Jung 14/15 Eintracht Frankfurt
33%
Outgoings Turkey DM Tolga Cigerci 14/15 Hertha Berlin
33%
Incomings Germany CB Marco Russ 11/12 Eintracht Frankfurt
30%
Incomings Germany LW Marvin Stefaniak 17/18 Dynamo Dresden
30%
Incomings Germany ST Mike Hanke 05/06 Schalke
30%
Outgoings Germany ST Mike Hanke 07/08 Hannover
30%
Incomings Ivory Coast ST Giovanni Sio 11/12 Sion
27%
Outgoings Ivory Coast ST Giovanni Sio 13/14 Basel
27%
Outgoings Germany LB Tobias Rau 03/04 Bayern Munich
27%
Incomings Germany CB Arne Friedrich 10/11 Hertha Berlin
23%
Incomings Germany RW Felix Klaus 18/19 Hannover
23%
Outgoings Germany RW Felix Klaus 21/22 Fortuna Dusseldorf
23%
Incomings Cameroon LW Paul-Georges Ntep 16/17 Rennes
23%
Incomings Germany CB Philipp Wollscheid 16/17 Stoke City
23%
Incomings Italy CB Cristian Zaccardo 08/09 Palermo
20%
Outgoings Italy CB Cristian Zaccardo 09/10 Parma
20%
Incomings Germany ST Dzenan Pejcinovic 22/23 Augsburg
20%
Incomings Poland LM Jacek Krzynowek 06/07 Bayer Leverkusen
20%
Outgoings Germany LB Jannes Horn 17/18 Koln
20%
Incomings Czech Republic CB Jan Simunek 07/08 Sparta Prague
20%
Incomings Algeria AM Karim Ziani 09/10 Marseille
20%
Incomings England SS Kaylen Hinds 17/18 Arsenal
20%
Incomings Brazil AM Marcelinho Paraiba 06/07 Trabzonspor
20%
Outgoings Brazil AM Marcelinho Paraiba 08/09 Flamengo
20%
Incomings Germany RB Patrick Ochs 11/12 Eintracht Frankfurt
20%
Incomings Czech Republic CM Petr Jiracek 11/12 Viktoria Plzen
20%
Outgoings Czech Republic CM Petr Jiracek 12/13 Hamburg
20%
Incomings Portugal CB Ricardo Costa 07/08 Porto
20%
Incomings Germany GK Simon Jentzsch 03/04 1860 Munich
20%
Incomings Turkey LW Tuncay Sanli 10/11 Stoke City
20%
Outgoings Turkey LW Tuncay Sanli 11/12 Bolton Wanderers
20%
Outgoings United States CM Claudio Reyna 99/00 Rangers
17%
Incomings Nigeria ST Jonathan Akpoborie 99/00 Stuttgart
17%
Outgoings Germany CB Luca Itter 19/20 Freiburg
17%
Incomings Guinea DM Pablo Thiam 02/03 Bayern Munich
17%
Outgoings Croatia ST Srdjan Lakic 11/12 Hoffenheim
17%
Incomings Denmark CM Thomas Kahlenberg 09/10 Auxerre
17%
Incomings Czech Republic LM Vaclav Pilar 12/13 Hradec Kralove
17%
Incomings China AM Zhang Xizhe 14/15 Beijing Guoan
17%
Outgoings China AM Zhang Xizhe 15/16 Beijing Guoan
17%
Outgoings Germany RB Zoltan Sebescen 01/02 Bayer Leverkusen
17%
Incomings Poland ST Andrzej Juskowiak 98/99 Borussia Monchengladbach
13%
Incomings Brazil LW Bruno Henrique 15/16 Goias
13%
Outgoings Brazil LW Bruno Henrique 16/17 Santos
13%
Incomings DR Congo ST Dieumerci Mbokani 10/11 Monaco
13%
Incomings Brazil RB Fagner 12/13 Vasco da Gama
13%
Incomings Belgium RW Ismail Azzaoui 15/16 Tottenham Hotspur
13%
Incomings Paraguay CM Jonathan Santana 06/07 River Plate
13%
Incomings Germany CB Matthias Langkamp 05/06 Arminia Bielefeld
13%
Incomings Slovakia CM Miroslav Karhan 01/02 Besiktas
13%
Incomings Germany ST Thomas Brdaric 04/05 Bayer Leverkusen
13%
Outgoings Germany ST Thomas Brdaric 05/06 Hannover
13%
Incomings Peru CB Carlos Ascues 15/16 Melgar
10%
Incomings Argentina CB Facundo Quiroga 04/05 Sporting CP
10%
Incomings Brazil CB Felipe Lopes 11/12 Nacional
10%
Incomings Ghana ST Isaac Boakye 06/07 Arminia Bielefeld
10%
Incomings Argentina RW Juan Carlos Menseguez 04/05 River Plate
10%
Outgoings Argentina RW Juan Carlos Menseguez 07/08 San Lorenzio
10%
Incomings Poland CM Mateusz Klich 11/12 Cracovia
10%
Incomings Netherlands ST Rick Hoogendorp 05/06 RKC Waalwijk
10%
Incomings Brazil AM Robson Ponte 01/02 Bayer Leverkusen
10%
Incomings Romania ST Sergiu Radu 07/08 Energie Cottbus
10%
Incomings Romania LM Vlad Munteanu 07/08 Energie Cottbus
10%
Incomings Germany LM Alexander Laas 07/08 Hamburg
7%
Incomings Ivory Coast AM Ibrahim Sissoko 11/12 Coimbra
7%
Incomings Netherlands CB Kevin Hofland 04/05 PSV
7%
Outgoings Netherlands CB Kevin Hofland 07/08 Feyenoord
7%
Incomings Switzerland SS Nassim Ben Khalifa 10/11 Grasshoppers
7%
Incomings Sweden ST Rasmus Jonsson 11/12 Helsingborgs
7%
Outgoings Germany SW Thomas Hengen 01/02 Kaiserslautern
7%
Incomings Japan ST Yoshito Okubo 08/09 Vissel Kobe
7%
Outgoings Japan ST Yoshito Okubo 08/09 Vissel Kobe
7%
Incomings Portugal RB Alex 05/06 Benfica
3%
Incomings Brazil LW Caiuby 08/09 Guaratingueta
3%
Incomings Brazil CB Rever 09/10 Gremio
3%
Outgoings Brazil CB Rever 10/11 Atletico Mineiro
3%
No matching quizzes found
Score Distribution
Percent of People with Each Score
Percentile by Number Answered
Your Score History
You have not taken this quiz